000 01416nam a22003977a 4500
003 CHAP
005 20220329133817.0
008 971013s1983 r 00010 d
010 _a11233
011 _a12205
035 _a14465
040 _cCHAP
082 _a574
_bR8
100 0 0 _aRussek, Mauricio.
_9100945
245 _aRegulación y control en biología
260 _aMéxico :
_bCECSA,
_c1983
300 _a148 p.
500 _aD90-90
590 _aBATCH-UPD
_b10
_c20130110
_lUCH01
_h0119
590 _aBATCH-UPD
_b10
_c20130110
_lUCH01
_h1805
590 _aBATCH-UPD
_b10
_c20130410
_lUCH01
_h1140
590 _aBATCH-UPD
_b10
_c20130914
_lUCH01
_h0632
590 _aCONVERSION
_b10
_c20130109
_lUCH01
_h1307
650 1 4 _aBiología.
_912773
650 1 4 _aFisiología animal.
_941131
700 0 _aCabanac, Michel.
_916603
901 _aBK
942 _cLIBRO
949 _a574 R8
_bBC
_cLIBRO
_d33724000459236
_eLIBRO
_fc.7
_h64295
_i14465
_si
949 _a574 R8
_bBC
_cLIBRO
_d33724000459244
_eLIBRO
_fc.5
_h77072
_i14465
_si
949 _a574 R8
_bBC
_cLIBRO
_d33724000459251
_eLIBRO
_fc.6
_h77073
_i14465
_si
949 _a574 R8
_bBC
_cLIBRO
_d33724000459269
_eLIBRO
_fc.4
_h77071
_i14465
_si
949 _a574 R8
_bBC
_cLIBRO
_d33724000459277
_eLIBRO
_fc.2
_h64294
_i14465
_si
949 _a574 R8
_bBC
_cLIBRO
_d33724000459285
_eLIBRO
_h64293
_i14465
_si
949 _a574 R8
_bBC
_cLIBRO
_d33724000459293
_eLIBRO
_fc.3
_h77070
_i14465
_si
999 _c11233
_d11233